Statistics for NCAA Football: Major Conference Rankings

Click here to take the quiz!

General Stats

  • This quiz has been taken 204 times
  • The average score is 8 of 10

Answer Stats

Rank #Answer% Correct
3Big Ten
100%
5Big 12
98%
1SEC
98%
2ACC
97%
4Pac-12
96%
6American
79%
10Sun Belt
74%
7Mountain West
73%
9MAC
62%
8Conference USA
58%

Score Distribution

Percentile by Number Answered

Percent of People with Each Score

Your Score History

You have not taken this quiz